000 00313nam a22001337a 4500
008 170622b xxu||||| |||| 00| 0 eng d
020 _a007557084-X
041 _aeng
080 _27TH
_a94
100 _a16
101 _aSHH
245 _aA SHORT HISTORY OF WESTERN CIVILIZATION
_cHARRISON,J.B
942 _2udc
_cBK
999 _c18673
_d18673